| 000 -LEADER |
| fixed length control field |
02775cam a2200373 a 4500 |
| 001 - CONTROL NUMBER |
| control field |
16240998 |
| 005 - DATE AND TIME OF LATEST TRANSACTION |
| control field |
20170208150556.0 |
| 008 - FIXED-LENGTH DATA ELEMENTS--GENERAL INFORMATION |
| fixed length control field |
100518s2012 maua b 001 0 eng |
| 010 ## - LIBRARY OF CONGRESS CONTROL NUMBER |
| LC control number |
2010929007 |
| 020 ## - INTERNATIONAL STANDARD BOOK NUMBER |
| International Standard Book Number |
9780312593469 (hardcover) |
| 020 ## - INTERNATIONAL STANDARD BOOK NUMBER |
| International Standard Book Number |
0312593465 (hardcover) |
| 020 ## - INTERNATIONAL STANDARD BOOK NUMBER |
| International Standard Book Number |
0312663110 (DVD) |
| 020 ## - INTERNATIONAL STANDARD BOOK NUMBER |
| International Standard Book Number |
9780312663117 (DVD) |
| 028 41 - PUBLISHER NUMBER |
| Publisher number |
ADV 780778 |
| Source |
Sony Music (DVD video) |
| 042 ## - AUTHENTICATION CODE |
| Authentication code |
pcc |
| 050 00 - LIBRARY OF CONGRESS CALL NUMBER |
| Classification number |
MT6 .K365 2012 |
| 100 1# - MAIN ENTRY--PERSONAL NAME |
| Personal name |
Kerman, Joseph, |
| Dates associated with a name |
1924-2014. |
| 245 10 - TITLE STATEMENT |
| Title |
Listen / |
| Statement of responsibility, etc. |
Joseph Kerman, Gary Tomlinson ; with Vivian Kerman. |
| 250 ## - EDITION STATEMENT |
| Edition statement |
7th ed. |
| 260 ## - PUBLICATION, DISTRIBUTION, ETC. (IMPRINT) |
| Place of publication, distribution, etc. |
Boston : |
| Name of publisher, distributor, etc. |
Bedford/St. Martin's, |
| Date of publication, distribution, etc. |
c2012. |
| 300 ## - PHYSICAL DESCRIPTION |
| Extent |
xxix, 442 p. : |
| Other physical details |
ill. ; |
| Dimensions |
28 cm. + |
| Accompanying material |
1 videodisc (DVD : sd., col. ; 4 3/4 in.) |
| 500 ## - GENERAL NOTE |
| General note |
DVD contains 30 minutes of video excerpts and 16 audio tracks, keyed to the text. |
| 504 ## - BIBLIOGRAPHY, ETC. NOTE |
| Bibliography, etc |
Includes bibliographical references, index and glossary. |
| 505 0# - FORMATTED CONTENTS NOTE |
| Formatted contents note |
Preface: To the instructor -- Introduction: To the student -- unit I. Fundamentals. Prelude: A musical thunderstorm / by Richard Wagner ; ch. 1. Rhythm, meter, and tempo ; ch. 2. Pitch, dynamics, and tone color ; ch. 3. Scales and melody ; ch. 4. Harmony, texture, tonality, and mode ; ch. 5. Musical form and musical style -- unit II. Early music: an overview. ch. 6. The Middle Ages ; ch. 7. The Renaissance ; ch. 8. The early Baroque period -- unit III. The eighteenth century. ch. 9. Prelude: The late Baroque period ; ch. 10. Baroque instrumental music ; ch. 11. Baroque vocal music ; ch. 12. Prelude: Music and the Enlightenment ; ch. 13. The symphony ; ch. 14. Other classical genres -- unit IV. The nineteenth century. ch. 15. Beethoven ; ch. 16. Prelude: Music after Beethoven: Romanticism ; ch. 17. The early Romantics ; ch. 18. Romantic opera ; ch. 19. The late Romantics -- unit V. The twentieth century and beyond. ch. 20. Prelude: Music and Modernism ; ch. 21. Early Modernism ; ch. 22. Alternatives to Modernism ; ch. 23. The late twentieth century ; ch. 24. Music in America: jazz and beyond -- Appendix A. Time lines -- Appendix B. Musical notation -- Glossary of musical terms. |
| 650 #0 - SUBJECT ADDED ENTRY--TOPICAL TERM |
| Topical term or geographic name as entry element |
Music appreciation. |
| 700 1# - ADDED ENTRY--PERSONAL NAME |
| Personal name |
Tomlinson, Gary. |
| 700 1# - ADDED ENTRY--PERSONAL NAME |
| Personal name |
Kerman, Vivian. |
| 942 ## - ADDED ENTRY ELEMENTS (KOHA) |
| Source of classification or shelving scheme |
|
| Koha item type |
Hard Covered Materials |